| 000 | 00585nam a22001697a 4500 | ||
|---|---|---|---|
| 003 | OSt | ||
| 005 | 20260407113723.0 | ||
| 008 | 260407b |||||||| |||| 00| 0 eng d | ||
| 040 | _cMRSPTU | ||
| 041 | _aEnglish | ||
| 100 | _aJyoti Singla, Supervisor: Veerpaul Kaur Maan | ||
| 245 | _aRole of CRM Practices of Banks in Client Retention: A Comparative Study of Public and Private Banks of Haryana | ||
| 260 |
_bDepartment of UBS, MRSPTU, Bathinda _c2023 |
||
| 650 | _aUniversity Business School | ||
| 856 | _uhttp://163.47.215.52:8080/jspui/handle/123456789/490 | ||
| 942 |
_2ddc _cTH _n0 |
||
| 999 |
_c11327 _d11327 |
||